000 00667nam a2200217Ia 4500
005 20260429112212.0
008 260429s9999||||xx |||||||||||||| ||und||
020 _a9780521895736
041 _aEnglish
082 _a541.22
_bSIR
100 _aSirkar, Kamalesh K.
245 0 _aSeparation of molecules, macromolecules and particles :
_bprinciples, phenomena and processes /
_cKamalesh K. Sirkar
250 _a1st ed.
260 _aCambridge :
_bCambridge University Press,
_c2014.
300 _axxxi, 889 p.; hb
650 _a Molecular structure
650 _a Physical chemistry
650 _a Theoretical chemistry
650 _aChemistry
942 _cTB
999 _c52865
_d52865